000 00346nam a2200157Ia 4500
001 13349
003 IN-NITTTR
005 20251114233125.0
008 251113s9999||||xx |||||||||||||| ||eng||
040 _beng
040 _cIN-NITTTR
041 _aeng
082 _a370.025 E74W R
245 4 _aThe world of learning 1983-84 /
942 _2ddc
_cBK
999 _c15985
_d15985